HAYATI (Record no. 19692)
[ view plain ]
| 000 -LEADER | |
|---|---|
| fixed length control field | 00268nam a22001217a 4500 |
| 082 ## - DEWEY DECIMAL CLASSIFICATION NUMBER | |
| Classification number | 928 AMI |
| 100 ## - MAIN ENTRY--AUTHOR NAME | |
| Author name | AMIN, AHMED |
| 245 ## - TITLE STATEMENT | |
| Title | HAYATI |
| 260 ## - PUBLICATION, DISTRIBUTION, ETC. (IMPRINT) | |
| Place of publication | BAiroot, Libnan |
| Name of publisher | Darul Kitab Alarabi'a |
| Year of publication | 1969 |
| 300 ## - PHYSICAL DESCRIPTION | |
| Number of Pages | 303 |
| 650 ## - SUBJECT ADDED ENTRY--TOPICAL TERM | |
| Topical Term | Biography-Ahmed Ameen |
| 942 ## - ADDED ENTRY ELEMENTS (KOHA) | |
| Koha item type | Books |
| Home library | Current library | Shelving location | Date acquired | Source of acquisition | Full call number | Accession Number | Koha item type |
|---|---|---|---|---|---|---|---|
| Henry Martyn Institute Library | Henry Martyn Institute Library | General stacks | 09/08/2015 | Dr Andreas D'Souza | 928 AMI | 3315 | Books |
